27 Amendments of the U.S. Constitution* - Statistics

General Stats
  • This quiz has been taken 3,598 times
    3,290 since last reset
  • The average score is 19 of 26
Answer Stats
Question Answer % Correct
Rights to Religion, Speech, Press, Assembly, Petition 1st
96%
Right to Bear Arms 2nd
96%
Repeal of 18th Amendment 21st
93%
Women's Right to Vote 19th
90%
Prohibition 18th
88%
Jury Trial 7th
83%
Quartering of Soldiers 3rd
82%
Search and Seizure 4th
80%
Grand Jury, Double Jeopardy, Self-Incrimination, Due Process 5th
79%
Commencement of Presidential Term and Succession 20th
77%
Rights of Accused in Criminal Prosecutions: Rights to Jury Trial, to Confront Opposing Witnesses and to Counsel 6th
77%
Abolition of Slavery and Involuntary Servitude 13th
75%
Presidential Vacancy, Disability and Inability 25th
75%
Protections against Excessive Bail, Cruel and Unusual Punishment 8th
73%
Voting Rights 15th
72%
Two-Term Limitation on President 22nd
72%
Popular Election of Senators 17th
69%
Suits Against a State 11th
68%
Election of President and Vice-President 12th
68%
Non-Enumerated Rights 9th
66%
Protects rights against state infringements, defines citizenship, prohibits states from interfering with privileges and immunities, requires due process and equal protection, punishes states for denying vote, and disqualifies Confederate officials and debts 14th
64%
Federal Income Tax 16th
62%
District of Columbia Presidential Vote 23rd
62%
Right to Vote at Age 18 26th
58%
Congressional Compensation 27th
56%
Abolition of Poll Tax Requirement in Federal Elections 24th
49%
No matching quizzes found
Score Distribution
Percent of People with Each Score
Percentile by Number Answered
Your Score History
You have not taken this quiz since the last reset